Statistics for Polish words look like English

Click here to take the quiz!

General Stats

  • This quiz has been taken 41 times
  • The average score is 9 of 15

Answer Stats

Polish wordEnglish translationPolish meaning% Correct
patelnia (n)panmister (mr) / sir (n)
89%
smutny (adj)sadorchard (n)
83%
ale (conj)butshoe (n)
81%
makaron (n)pastapaste / polish (n)
81%
ja (pron)Iand (conj)
78%
lista (n)listletter (n)
75%
większość (n)mostbridge (n)
75%
poczta (n)postfast (n)
72%
doniczka (n)potsweat (n)
58%
zioło (n)herbcoat of arms (n)
50%
parcela (n)
lotflight (n)
47%
słoik (n)jarcanyon / ravine (n)
44%
przezroczysty (adj)transparentbanner (n)
42%
pogrzebać (v)burydun (adj)
28%
zestaw (n)kitputty (n)
14%

Score Distribution

Percentile by Number Answered

Percent of People with Each Score

Your Score History

You have not taken this quiz